000
00261nam a22001337a 4500
003
SGT
082
_a
617.51
_b
C13S
100
_a
SOOD,V P
245
_a
CORRECTIVE RHIOPLASTY
250
_a
3RD
260
_a
INDIA
_b
CBS
_c
2013
300
_a
286
942
_2
ddc
_c
BK
999
_c
14335
_d
14335